000 01029nam a2200277 4500
001 000
003 000
005 20150527090606.0
008 871217s1988 enka b 001 0 eng
010 _a 87037136
020 _a0471911402 (U.S.) :
_c$39.00
040 _aUOEL
_cDLC
_dDLC
041 1 _aengger
050 0 0 _aQD79.C454
_bM4913 1988
082 0 0 _a543/.0894
_219
100 1 _aMeyer, Veronika.
240 1 0 _aPraxis der Hochleistungs-Flüssigchromatographie.
_lEnglish
245 1 0 _aPractical high-performance liquid chromatography /
_cVeronika R. Meyer ; translated from the original German edition by Valerie Cottrell.
260 _aChichester [Chichestershire] ;
_aNew York :
_bWiley,
_cc1988.
300 _axiii, 310 p. :
_bill. ;
_c24 cm.
500 _aTranslation of: Praxis der Hochleistungs-Flüssigchromatographie.
504 _aIncludes bibliographical references and indexes.
650 0 _aHigh performance liquid chromatography.
906 _a7
_bcbc
_corignew
_d1
_eocip
_f19
_gy-gencatlg
942 _2lcc
_cLL
999 _c8839
_d8839